| 000 | 00611nmm a2200241 a 4500 | ||
|---|---|---|---|
| 003 | AR-BaBNM | ||
| 005 | 20251128210721.0 | ||
| 008 | 306120s1997 ||||||||||||||000 | spa|| | ||
| 020 | _a0-8442-5992-6 | ||
| 040 | _cAR-BaBNM | ||
| 100 | 1 | _aMeriwether, Nell W. | |
| 245 | 1 | 0 | _aStrategies for writing successful essays |
| 260 |
_aLincolnwood _bNTC Publishing Group _c1997 |
||
| 300 | 0 | _a216 p. | |
| 650 | 4 | _aESCRITURA | |
| 650 | 4 | _aENSENANZA DE LA ESCRITURA | |
| 650 | 4 | _aGRAMATICA | |
| 650 | 4 | _aSINTAXIS | |
| 650 | 4 | _aENSAYO | |
| 653 | 0 | _aPRECEPTIVA LITERARIA | |
| 942 | _cBK | ||
| 998 | _cme-solo cat | ||
| 999 |
_c16579 _d16579 |
||